000
00253nam a22001097a 4500
082
_a
954.91 SAF'F
100
_a
ZAFAR, JAVAID,SAFDAR, MAHMOOD
_9
80275
245
_a
FOUNDERS OF PAKISTAN
260
_a
LAHORE
_b
UNITED
_c
1968
300
_a
249P
942
_c
BK
999
_c
585219
_d
585219